000 00460nam a22001697a 4500
003 OSt
005 20221006204514.0
008 221006b |||||||| |||| 00| 0 eng d
040 _cBiblioteca Lado V
082 _a708.009
_bSW979t
100 _9107
_aSwitzerland, Zurich
_ecurador
245 _aThe Body/
246 _aLe Corps/
260 _aAlemania
_aCanada
_c1994
300 _a144p.
_c24x27cm
942 _2ddc
_c1
_h708.009
_iSW979t
_n0
999 _c2218
_d2218